Представление документа в формате RUSMARC

Поле Инд. ПП Название Значение
Тип записи a
Библиографический уровень a
001 Контрольный номер b600c70048704c33bd7a61b8e8aa414e
005 Дата корректировки 20190523160251.1
100 a Данные общей обработки 20190523 ||| 0rusy0189 ca
101 0_ a Язык текста rus
102 a Страна публикации RU
200 1_ f Первые сведения об ответственности Е.С. Смирнова
a Заглавие Проблема определения прав лиц с множественным гражданством: движение от конституционного права к праву международному
b Общее обозначение материала Текст
210 1_ d Дата издания 2019
461 _0 1 2000
a Конституционное и муниципальное право
463 _0 1 2000
a № 4
v С. 35-41
1 2101
d 2019
1 0016730af0ff1cc404092edd659cb58cc0c
606 a Основная рубрика Конституционное (государственное) право
610 0_ a Ключевые слова ГРАЖДАНСТВО
700 _1 a Фамилия Смирнова
b Имя Е.С.
801 _0 a Страна RU
b Организация РГУП
c Дата составления 20190523
g Правила каталогизации PSBO
801 _1 a Страна RU
b Организация РГУП
c Дата составления 20190523
g Правила каталогизации PSBO
901 t Тип документа b
w Контрольный № источника 6730af0ff1cc404092edd659cb58cc0c
905 a Дата ввода 20190523